00703nai a2200169Ia 4500003000900000008004100009022002200050022002300072040001600095245009400111260008600205310001300291362002800304521006900332650003900401856009300440IN-BaIIA211028c9999 xx s 000 0 eng d a0276-1173 (Print) a2331-1614 (Online) cIIA Library 0aTransactions of the IRE Professional Group on Microwave Theory and Techniquesh[eJournal] aNew York, USAbThe Institute of Electrical and Electronics Engineers, Inc. (IEEE) aAnnually a1(1); 1953 - 3(1); 1955 bSubscribed through National Knowledge Resource Consortium (NKRC) aFields, Waves and Electromagnetics uhttps://ieeexplore.ieee.org/servlet/opac?punumber=4547925yClick Here to Access eJournal